| 000 | 00439nam a2200181Ia 4500 | ||
|---|---|---|---|
| 001 | 2980 | ||
| 005 | 20260306144847.0 | ||
| 008 | 260306t2013||||xx |||||||||||||| ||spa|| | ||
| 041 | _aESP | ||
| 082 |
_a239 _bF81 |
||
| 100 |
_aFrancisco, Papa _eAUT |
||
| 245 | 0 |
_aQueridos catequistas: _bcartas, homilías y discursos |
|
| 260 | _c2013 | ||
| 300 |
_a95 páginas : _c24 cm. |
||
| 650 | _aGEN | ||
| 654 | _aCHU | ||
| 942 |
_cLIB _dJUS _fJUS _2ddc _n |
||
| 999 |
_c2980 _d2980 |
||